00307nam a22000977a 4500008004100000022001400041040005500055245003800110260004700148310001400195230510b |||||||| |||| 00| 0 eng d a0971-1848 aNational Science LibrarycNational Science Library aJournal of educational technology aNew Delhi: bWiley Eastern Limited, c1989 aQuarterly